000 00565nam a2200181Ia 4500
008 090124s9999 xx 000 0 und d
082 _b37217
100 _aशिंदे पुर्णिमा
245 _a चैत्रपालवी
250 _a1
260 _bशारदा प्रकाशन
_c1995
300 _a71
600 _aशिंदे पुर्णिमा
630 _a चैत्रपालवी
700 _aशिंदे पुर्णिमा
730 _a चैत्रपालवी
942 _cBOOK
999 _c103172
_d103172